Employee communications in the 1980s /

Bibliographic Details
Main Author: Bland, Michael
Format: Book
Language:English
Published: London : Kogan Page, 1980.
Subjects:

MARC

Tag First Indicator Second Indicator Subfields
LEADER 00000cam a2200000 a 4500
001 in00000069800
005 20151008055848.0
008 820310s1980 enka 00010 eng
010 |a  81103563  
015 |a GB80-39677 
020 |a 0850382521 :  |c 8.00 
035 |a (OCoLC)07264413 
035 |9 AAJ4573AM 
039 0 |a 2  |b 3  |c 3  |d 3  |e 3 
040 |a DLC  |c DLC  |d TXA  |d UtOrBLW 
049 |a TXAM  |c [952042] 
050 0 0 |a HF5549.5.C6  |b B5 
082 0 |a 658.4/5  |2 19 
100 1 |a Bland, Michael. 
245 1 0 |a Employee communications in the 1980s /  |c Michael Bland. 
264 1 |a London :  |b Kogan Page,  |c 1980. 
300 |a 163 pages :  |b illustrations ;  |c 22 cm. 
336 |a text  |b txt  |2 rdacontent 
337 |a unmediated  |b n  |2 rdamedia 
338 |a volume  |b nc  |2 rdacarrier 
650 0 |a Communication in personnel management. 
999 |a MARS 
999 f f |s 8fe7502a-fb0c-395a-bda7-3060512556db  |i 6c37bb49-3f28-376f-9d12-c8063875cc19  |t 0 
952 f f |p ric  |a Texas A&M University  |b Rellis Campus  |c Joint Library Facility  |d Remote Storage  |t 0  |e HF5549.5.C6 B5  |h Library of Congress classification  |i unmediated -- volume  |m A14806135460 
998 f f |a HF5549.5.C6 B5  |t 0  |l Remote Storage